E9's Nine Suites Quiz Stats

Quiz not verified by Sporcle

Challenge
Share
Tweet
Embed
Score 0/9 Timer 02:00
0 Plays Today
Suite % Correct
Financial Management
100%
Supply Chain Management
75%
Production Management
75%
Product Data Management
75%
Service Management
75%
Human Capital Management
75%
Customer Relationship Management
75%
Planning and Scheduling
50%
Sales Management
50%

You're not logged in!

Compare scores with friends on all Sporcle quizzes.
Join for Free
OR
Log In

You Might Also Like...

Show Comments

Extras

Created Nov 3, 2011ReportNominate
Tags:nine, suite

Top Quizzes Today


Score Distribution

Your Account Isn't Verified!

In order to create a playlist on Sporcle, you need to verify the email address you used during registration. Go to your Sporcle Settings to finish the process.

Report this User

Report this user for behavior that violates our Community Guidelines.

Details: